00285nam a2200121Ia 45000030006000000080041000060400015000471000023000622450040000852600009001255460012001340050017001460STCL150530s9999 xx 000 0 und d aSTCLcSTCL aPope; Butt; Editor aAlexander Pope imitations of Horace c1969 aEnglish20220125170923.0